Pemburu dengan helangnya = The hunter and the eagle (Record no. 130986)

MARC details
000 -LEADER
fixed length control field 00825nam a2200277 i 4500
001 - CONTROL NUMBER
control field C2-0332324
003 - CONTROL NUMBER IDENTIFIER
control field PPAK
005 - DATE AND TIME OF LATEST TRANSACTION
control field 20180728132546.0
008 - FIXED-LENGTH DATA ELEMENTS--GENERAL INFORMATION
fixed length control field 150723s2014 my a|||| ||||| | zxx d
020 ## - INTERNATIONAL STANDARD BOOK NUMBER
International Standard Book Number 9789670653051
040 ## - CATALOGING SOURCE
Original cataloging agency PPAK
Language of cataloging eng
Transcribing agency PPAK
Description conventions rda
082 04 - DEWEY DECIMAL CLASSIFICATION NUMBER
Classification number 398.2
Edition number 23
090 00 - LOCALLY ASSIGNED LC-TYPE CALL NUMBER (OCLC); LOCAL CALL NUMBER (RLIN)
Classification number (OCLC) (R) ; Classification number, CALL (RLIN) (NR) 398.2
Feature heading NOR
Feature heading K
100 0# - MAIN ENTRY--PERSONAL NAME
Personal name Norul Azila Arifin,
Relator term author
245 10 - TITLE STATEMENT
Title Pemburu dengan helangnya = The hunter and the eagle
264 #1 - PRODUCTION, PUBLICATION, DISTRIBUTION, MANUFACTURE, AND COPYRIGHT NOTICE
Place of production, publication, distribution, manufacture Kuala Lumpur :
Name of producer, publisher, distributor, manufacturer Junior Pages Publications ,
Date of production, publication, distribution, manufacture, or copyright notice 2014
300 ## - PHYSICAL DESCRIPTION
Extent 16 pages :
Other physical details colour illustrations ;
Dimensions 30 cm
336 ## - CONTENT TYPE
Source rdacontent
Content type term text
337 ## - MEDIA TYPE
Source rdamedia
Media type term unmediated
338 ## - CARRIER TYPE
Source rdacarrier
Carrier type term volume
490 1# - SERIES STATEMENT
Series statement Siri raja udang
650 10 - SUBJECT ADDED ENTRY--TOPICAL TERM
Topical term or geographic name entry element Folk literature, Malay. ; Folk literature, English.
700 ## - ADDED ENTRY--PERSONAL NAME
Relator term author
830 #0 - SERIES ADDED ENTRY--UNIFORM TITLE
Uniform title Siri raja udang
942 ## - ADDED ENTRY ELEMENTS (KOHA)
-- dc
Koha item type Book
Holdings
Withdrawn Not for loan Current library Shelving location Date acquired Total Checkouts Total Renewals Full call number Barcode Date last seen Date last checked out Koha item type
    Perpustakaan Kulim Pinjaman Kanak-kanak 26/07/2015 12 1 K 398.2 NOR A01454702 06/07/2024 22/06/2024 Book
    e-Pustaka 2 - Alor Setar Pinjaman Kanak-kanak 26/07/2015     K 398.2 NOR A01454703 09/05/2018   Book